000 00516 a2200181 4500
001 57353
005 20260407155835.0
008 260407a1954 arg spa d
003 AR-UNSa-BCEJYS
040 _aAR-UNSa-BCEJYS
_bspa
_cAR-UNSa-BCEJYS
080 _a911.3:33
_xGeografía económica
245 1 0 _aLos espacios productivos de la econmía mundial
264 1 _aBarcelona :
_bOmega
_c1954
300 _a302 p.
_c25 cm.
942 _cBK
590 _aniveau_biblio:m niveau_hierar:0
100 1 _aLütgens, Rudolf
999 _c6187
_d6187